01110nam a2200265 a 450000100060000000300080000600500170001400800410003103500190007204000450009104100080013608200280014411000610017224501620023326000220039530000250041749000490044250000590049165000340055065100340058483000570061894200120067599900170068795201400070442763BD-RjUL20211209053604.0721020s1951 nyu 000 0 eng  a(BD-RjUL)42881 aDLCcOTUdNcRSdOCoLCdDLCdBD-RjULbeng aeng a338.91724223bUNM 19512 aUnited Nations.bDepartment of Economic Affairs.911744810aMeasures for the economic development of under-developed countries :breport by a group of experts appointed by the Secretary-General of the United Nations / aNew York :c1951. aix, 108 p. ;c23 cm.1 aUnited Nations. [Document] E/1986, ST/ECA/10 a"United Nations publications. Sales no.: 1951.II.B.2." aEconomic development.9132569 0aDeveloping countries.9131427 aUnited Nations. [Document] E/1986, ST/ECA/109131429 2ddccBK c42763d42763 00102ddc40708NFICaRUCLbRUCLcStackd1963-03-16eZeithlinerg7.00l0o338.91724 UNI 1951r2016-06-15 00:00:00tC-2w2021-12-09yBK